Statistics for Answers Contain Book Quiz

Click here to take the quiz!

General Stats

  • This quiz has been taken 25,797 times
    (16,775 since last reset)
  • The average score is 10 of 20

Answer Stats

ClueAnswer% Correct
Zuckerberg's websiteFacebook
98%
Book of recipesCookbook
87%
Literary get-together or excuse
to drink wine
Book Club
74%
Drawing inside the lines is optionalColoring Book
72%
Stan Lee's genreComic Book
66%
Man's book of potential datesLittle Black Book
66%
Nicholas Sparks novel that became
a Ryan Gosling movie
The Notebook
61%
Latter Day Saints textBook of Mormon
59%
When these arrive,
recycling bins get full
Phone Book
52%
Activity described in Fahrenheit 451Book Burning
50%
Book of used car valuesBlue Book
49%
Collection of short stories
by Rudyard Kipling
The Jungle Book
46%
Hawaii Five-O catchphraseBook 'em Danno!
42%
Book of Chairman Mao quotationsLittle Red Book
41%
Egyptian book of underworld spellsBook of the Dead
36%
Building used by Lee Harvey OswaldBook Depository
32%
Encyclopaedia Britannica competitorWorld Book
29%
Survey of England completed in 1086Domesday Book
27%
Tuskegee Institute leaderBooker T. Washington
26%
Type of book made by KramerCoffee Table Book
20%

Score Distribution

Percentile by Number Answered

Percent of People with Each Score

Your Score History

You have not taken this quiz since the last reset